[Event "Guelph Fall Pro-Am"]
[Site "Guelph CAN"]
[Date "2018.10.27"]
[Round "2.2"]
[White "Colvin, Andrew"]
[Black "Gooding, Gordon"]
[Result "1/2-1/2"]
[WhiteElo "2099"]
[BlackElo "2040"]
[PlyCount "38"]
[EventDate "2018.10.28"]
[EventType "swiss"]
[EventRounds "5"]
[EventCountry "CAN"]

1. d4 Nf6 2. Nf3 e6 3. c4 d5 4. Nc3 Be7 5. Bf4 c5 6. dxc5 O-O 7. e3 Bxc5 8.
cxd5 exd5 9. Be2 Nc6 10. O-O Be6 11. Na4 Be7 12. Nd4 Ne4 13. Rc1 Qa5 14. Rxc6
Bd7 15. Rc7 Bxa4 16. b3 Bd8 17. Rc2 Bd7 18. Qe1 Qb6 19. Qa1 Be7 1/2-1/2

[Event "Guelph Fall Pro-Am"]
[Site "Guelph CAN"]
[Date "2018.10.27"]
[Round "2.3"]
[White "Ferreira, Alex"]
[Black "Hua, Eugene"]
[Result "0-1"]
[WhiteElo "2083"]
[BlackElo "2430"]
[PlyCount "120"]
[EventDate "2018.10.28"]
[EventType "swiss"]
[EventRounds "5"]
[EventCountry "CAN"]

1. e4 c5 2. Nf3 e6 3. d4 cxd4 4. Nxd4 Nc6 5. Nc3 Qc7 6. g3 a6 7. Bg2 d6 8. O-O
Bd7 9. Nde2 Be7 10. h3 Nf6 11. g4 h6 12. Be3 b5 13. f4 Rc8 14. Ng3 b4 15. Na4
Na5 16. Bb6 Qb8 17. Bxa5 Bxa4 18. Qd4 d5 19. Bb6 Rc4 20. Qe3 Rxc2 21. Rac1 dxe4
22. Bxe4 Nxe4 23. Nxe4 O-O 24. b3 Rxc1 25. Rxc1 Bb5 26. g5 hxg5 27. fxg5 Rc8
28. Rxc8+ Qxc8 29. g6 f5 30. Bc5 Qd7 31. Bxe7 Qxe7 32. Ng5 e5 33. Nf7 e4 34.
Qc1 Qe6 35. Qg5 Be8 36. Qd8 Qxg6+ 37. Ng5 Qc6 38. Kf2 f4 39. h4 e3+ 40. Ke2
Qg2+ 41. Kd1 Qf1+ 42. Kc2 Qe2+ 43. Kc1 Qe1+ 44. Kc2 Qc3+ 45. Kd1 Qc6 46. Ke2 g6
47. Qb8 Qb5+ 48. Qxb5 Bxb5+ 49. Kf3 Bc6+ 50. Ke2 Bd7 51. Kf3 Bf5 52. Kxf4 e2
53. Nf3 Bb1 54. Ke3 Bxa2 55. Kxe2 Bxb3 56. Ne5 Kg7 57. Kd2 Bd5 58. Kd3 a5 59.
Kd4 a4 60. Kxd5 a3 0-1

[Event "Guelph Fall Pro-Am"]
[Site "Guelph CAN"]
[Date "2018.10.27"]
[Round "2.4"]
[White "Brajkovic, Nikola"]
[Black "Lin, Benjamin"]
[Result "1-0"]
[WhiteElo "1979"]
[BlackElo "2121"]
[PlyCount "71"]
[EventDate "2018.10.28"]
[EventType "swiss"]
[EventRounds "5"]
[EventCountry "CAN"]

1. e4 c5 2. Nf3 e6 3. d4 cxd4 4. Nxd4 Nc6 5. Be3 a6 6. Nd2 Nf6 7. c3 d5 8. Nxc6
bxc6 9. Bd3 Bd6 10. h3 O-O 11. O-O c5 12. e5 Bxe5 13. Bxc5 Bd6 14. Bxd6 Qxd6
15. Qe2 a5 16. Rfe1 Ba6 17. c4 Rfd8 18. Red1 Qb4 19. b3 a4 20. a3 Qc3 21. Rdc1
Qd4 22. Nf3 Qb6 23. bxa4 dxc4 24. Bxc4 Bxc4 25. Rxc4 Qa6 26. Rac1 h6 27. Qc2
Qd6 28. Qb3 Nd5 29. g3 Rdb8 30. Qd3 Qa6 31. Qe4 Rb3 32. Nd4 Rxa3 33. Rc6 Qb7
34. Nxe6 fxe6 35. Qxe6+ Qf7 36. Rc8+ 1-0

[Event "Guelph Fall Pro-Am"]
[Site "Guelph CAN"]
[Date "2018.10.27"]
[Round "2.5"]
[White "Loadman, Ian"]
[Black "Aniunoh, Chike"]
[Result "1-0"]
[WhiteElo "2076"]
[BlackElo "2097"]
[PlyCount "96"]
[EventDate "2018.10.28"]
[EventType "swiss"]
[EventRounds "5"]
[EventCountry "CAN"]

1. e4 e6 2. d4 d5 3. Nd2 Be7 4. Ngf3 Nf6 5. Bd3 c5 6. c3 Nc6 7. O-O cxd4 8.
cxd4 Qb6 9. e5 Nd7 10. Nb3 a5 11. a4 Nb4 12. Bb1 Qd8 13. Be3 b6 14. Qd2 Ba6 15.
Rc1 Bc4 16. Qd1 Rc8 17. Rc3 O-O 18. Nbd2 Ba6 19. Nf1 f5 20. exf6 Bxf6 21. Ng3
g6 22. Bh6 Re8 23. Bf4 e5 24. dxe5 Nxe5 25. Nxe5 Bxe5 26. Bxe5 Rxe5 27. f4 Re7
28. f5 Qe8 29. Rxc8 Bxc8 30. Bd3 Nxd3 31. Qxd3 Re1+ 32. Rxe1 Qxe1+ 33. Nf1 Bxf5
34. Qxd5+ Qe6 35. Qd8+ Kg7 36. Qc7+ Kh6 37. Qc1+ Kg7 38. Qc7+ Kh6 39. Qc1+ g5
40. h4 Qe7 41. Ng3 Bd7 42. Ne4 Bxa4 43. hxg5+ Kg6 44. Qf4 Bc6 45. Nd6 Qe6 46.
Nc4 Qe1+ 47. Kh2 Kh5 48. Ne5 Bd5 1-0

[Event "Guelph Fall Pro-Am"]
[Site "Guelph CAN"]
[Date "2018.10.27"]
[Round "2.6"]
[White "Plaxton, David"]
[Black "Gaisinsky, Adam"]
[Result "0-1"]
[WhiteElo "1898"]
[BlackElo "2113"]
[PlyCount "68"]
[EventDate "2018.10.28"]
[EventType "swiss"]
[EventRounds "5"]
[EventCountry "CAN"]

1. d4 Nf6 2. c4 e6 3. Nf3 b6 4. g3 Bb7 5. Bg2 Be7 6. O-O O-O 7. Nc3 Ne4 8. Qc2
Nxc3 9. bxc3 f5 10. Ne5 Bxg2 11. Kxg2 d6 12. Nd3 Qe8 13. Kg1 Nd7 14. Nf4 Qf7
15. Qa4 Nf6 16. Qc6 g5 17. Nd3 Ne4 18. Bb2 Rac8 19. f3 Nf6 20. e4 fxe4 21. fxe4
Qh5 22. Rf2 Qh3 23. e5 Ng4 24. Re2 Nxh2 25. Rxh2 Qxg3+ 26. Rg2 Qxd3 27. Qd7
Qe3+ 28. Kh1 Qh3+ 29. Kg1 Rce8 30. exd6 Qe3+ 31. Kh1 Bxd6 32. Rd1 Re7 33. Qc6
Ref7 34. Bc1 Rf1+ 0-1

[Event "Guelph Fall Pro-Am"]
[Site "Guelph CAN"]
[Date "2018.10.27"]
[Round "3.1"]
[White "Hua, Eugene"]
[Black "Migot, Tangi"]
[Result "1/2-1/2"]
[WhiteElo "2430"]
[BlackElo "2401"]
[PlyCount "159"]
[EventDate "2018.10.28"]
[EventType "swiss"]
[EventRounds "5"]
[EventCountry "CAN"]

1. c4 e5 2. g3 c6 3. d4 e4 4. Nc3 d5 5. Bg2 Nf6 6. Bg5 Nbd7 7. cxd5 cxd5 8. Qb3
Bd6 9. Nh3 h6 10. Bf4 Nb6 11. Bxd6 Qxd6 12. Nb5 Qe7 13. Qa3 Qxa3 14. Nxa3 Bf5
15. e3 Kd7 16. Nf4 Rhc8 17. Kd2 Rc6 18. h3 Rac8 19. b3 a6 20. Rhc1 Kd6 21.
Rxc6+ Rxc6 22. Rc1 Rxc1 23. Kxc1 g5 24. Ne2 Nc8 25. Kd2 Ne7 26. Nb1 Bd7 27.
Nbc3 Ne8 28. Ng1 f5 29. f4 g4 30. h4 Nf6 31. Ke1 Nc6 32. Nge2 Nb4 33. Nc1 Nc2+
34. Kf2 Na3 35. Bf1 Kc7 36. Be2 Kb6 37. Bd1 Ka5 38. Ke1 b5 39. Be2 Bc6 40. Bf1
Nh5 41. N3e2 b4 42. Kf2 Bb5 43. Bg2 Nc2 44. Ng1 Na3 45. Nce2 Nb1 46. Bf1 Nd2
47. Bg2 Kb6 48. Ke1 Nb1 49. Kf2 Bd3 50. Bf1 Ka5 51. Bg2 Bxe2 52. Nxe2 Nc3 53.
Nc1 Nd1+ 54. Ke2 Nc3+ 55. Kf2 Kb6 56. Bf1 Nd1+ 57. Ke2 Nc3+ 58. Kf2 Nd1+ 59.
Ke2 Nxg3+ 60. Kxd1 Nxf1 61. Ke2 Ng3+ 62. Kf2 Nh5 63. Ne2 Kc6 64. Ng3 Ng7 65.
Ke2 Kd6 66. Kd2 Ke6 67. Kc2 Ne8 68. Kb2 Kf6 69. a3 a5 70. axb4 axb4 71. Kc2 Nd6
72. Kd2 Nb5 73. Kc2 Nc3 74. Kd2 Kg6 75. Ke1 Nb1 76. Kd1 Kf6 77. Kc2 Na3+ 78.
Kd2 Nb5 79. Ke2 Nc7 80. Kd2 1/2-1/2

[Event "Guelph Fall Pro-Am"]
[Site "Guelph CAN"]
[Date "2018.10.27"]
[Round "3.2"]
[White "Gooding, Gordon"]
[Black "Brajkovic, Nikola"]
[Result "1-0"]
[WhiteElo "2040"]
[BlackElo "1979"]
[PlyCount "109"]
[EventDate "2018.10.28"]
[EventType "swiss"]
[EventRounds "5"]
[EventCountry "CAN"]

1. d4 d5 2. Bf4 Nf6 3. e3 e6 4. Nd2 Bd7 5. Bd3 c5 6. c3 Nc6 7. Ngf3 h6 8. Ne5
Be7 9. h4 h5 10. Qf3 Qb6 11. Rb1 cxd4 12. exd4 Nxe5 13. dxe5 Ng4 14. Qe2 Bc5
15. O-O g6 16. b4 Be7 17. Nf3 a6 18. g3 Nh6 19. Bxh6 Rxh6 20. Qd2 Rh8 21. Rfc1
Rd8 22. Qf4 Bb5 23. c4 dxc4 24. Bxc4 Bxc4 25. Rxc4 Kf8 26. Ng5 Bxg5 27. Qxg5
Kg7 28. Qf6+ Kh6 29. Rbc1 Rhf8 30. g4 hxg4 31. Rxg4 Rd4 32. Rxg6+ fxg6 33.
Qxf8+ Kh5 34. Qh8+ Kg4 35. Qf6 Qd8 36. Qxg6+ Kxh4 37. Qh6+ Kg4 38. Qxe6+ Kg5
39. Rc3 Rg4+ 40. Kh2 Qf8 41. Qf6+ Qxf6 42. exf6 Kxf6 43. a3 Rg7 44. Rg3 Rc7 45.
Kg2 Kf5 46. Kf3 b5 47. Ke3 Rc4 48. Kd2 a5 49. bxa5 Ra4 50. Re3 Rf4 51. f3 Ra4
52. Re8 Kf4 53. Rf8+ Ke5 54. Re8+ Kf4 55. Re4+ 1-0

[Event "Guelph Fall Pro-Am"]
[Site "Guelph CAN"]
[Date "2018.10.27"]
[Round "3.3"]
[White "Gaisinsky, Adam"]
[Black "Colvin, Andrew"]
[Result "1/2-1/2"]
[WhiteElo "2113"]
[BlackElo "2099"]
[PlyCount "27"]
[EventDate "2018.10.28"]
[EventType "swiss"]
[EventRounds "5"]
[EventCountry "CAN"]

1. e4 e6 2. Qe2 c5 3. Nf3 Nc6 4. g3 g6 5. Bg2 Bg7 6. O-O Nge7 7. c3 O-O 8. Rd1
e5 9. d3 d6 10. Na3 h6 11. Nc2 f5 12. Nd2 f4 13. Nf1 g5 14. g4 1/2-1/2

[Event "Guelph Fall Pro-Am"]
[Site "Guelph CAN"]
[Date "2018.10.27"]
[Round "3.4"]
[White "Papneja, Arul"]
[Black "Ferreira, Alex"]
[Result "0-1"]
[WhiteElo "2011"]
[BlackElo "2083"]
[PlyCount "76"]
[EventDate "2018.10.28"]
[EventType "swiss"]
[EventRounds "5"]
[EventCountry "CAN"]

1. d4 d5 2. Bf4 c6 3. e3 Bf5 4. c4 e6 5. Nf3 Nf6 6. Nc3 Qb6 7. Qb3 Na6 8. c5
Qxb3 9. axb3 Nb4 10. Ra4 Nd3+ 11. Bxd3 Bxd3 12. Ng5 Bf5 13. O-O Nh5 14. Rfa1 a6
15. Rb4 Nxf4 16. exf4 f6 17. Rxb7 fxg5 18. fxg5 Be7 19. Na4 Bd3 20. Nb6 Rd8 21.
Rc7 Bb5 22. Nc8 Rd7 23. Nd6+ Bxd6 24. Rc8+ Rd8 25. Rxd8+ Kxd8 26. cxd6 Rf8 27.
f3 Rf4 28. Rd1 Kd7 29. Kf2 e5 30. dxe5 Rb4 31. Rd2 Rxb3 32. f4 g6 33. g4 Bd3
34. h4 Bc4 35. Kg1 h5 36. f5 gxf5 37. gxh5 Rh3 38. b4 Rxh4 0-1

[Event "Guelph Fall Pro-Am"]
[Site "Guelph CAN"]
[Date "2018.10.28"]
[Round "4.1"]
[White "Migot, Tangi"]
[Black "Gooding, Gordon"]
[Result "1-0"]
[WhiteElo "2401"]
[BlackElo "2040"]
[PlyCount "68"]
[EventDate "2018.10.28"]
[EventType "swiss"]
[EventRounds "5"]
[EventCountry "CAN"]

1. Nf3 Nf6 2. g3 d5 3. Bg2 c5 4. O-O Nc6 5. d3 e5 6. e4 dxe4 7. dxe4 Qxd1 8.
Rxd1 Bg4 9. Re1 Nb4 10. Na3 Bxf3 11. Bxf3 O-O-O 12. Be2 Nd7 13. c3 Nc6 14. Nc2
Nb6 15. Ne3 g6 16. Nc4 Nxc4 17. Bxc4 f6 18. Be3 b6 19. a3 g5 20. Kg2 Bd6 21. h4
h6 22. Rh1 Kd7 23. Rad1 Ke7 24. b4 cxb4 25. axb4 Rc8 26. Ba6 Rcd8 27. Bb5 Kd7
28. hxg5 hxg5 29. Rxh8 Rxh8 30. Bc5 bxc5 31. bxc5 Ke7 32. cxd6+ Kd7 33. Rd5 Rb8
34. Kh3 Rb6 1-0

[Event "Guelph Fall Pro-Am"]
[Site "Guelph CAN"]
[Date "2018.10.28"]
[Round "4.2"]
[White "Loadman, Ian"]
[Black "Hua, Eugene"]
[Result "0-1"]
[WhiteElo "2076"]
[BlackElo "2430"]
[PlyCount "68"]
[EventDate "2018.10.28"]
[EventType "swiss"]
[EventRounds "5"]
[EventCountry "CAN"]

1. e4 c5 2. Nf3 e6 3. d4 cxd4 4. Nxd4 Nc6 5. Nc3 Qc7 6. Be3 a6 7. Qd2 Nf6 8.
O-O-O Bb4 9. f3 O-O 10. g4 b5 11. g5 Nh5 12. Kb1 Bb7 13. a3 Be7 14. Nce2 Nxd4
15. Nxd4 d5 16. e5 Bc6 17. c3 a5 18. Rc1 Bd7 19. Be2 g6 20. f4 Ng7 21. Qd1 Qb7
22. Nb3 Rfc8 23. Qg1 b4 24. Nxa5 Rxa5 25. cxb4 Raa8 26. Qf2 Bb5 27. Rxc8+ Rxc8
28. Rc1 Rxc1+ 29. Kxc1 Nf5 30. Bc5 Bxe2 31. Qxe2 d4 32. Bxe7 Nxe7 33. Qd2 Qc6+
34. Kb1 Qe4+ 0-1

[Event "Guelph Fall Pro-Am"]
[Site "Guelph CAN"]
[Date "2018.10.28"]
[Round "4.3"]
[White "Ferreira, Alex"]
[Black "Gaisinsky, Adam"]
[Result "1/2-1/2"]
[WhiteElo "2083"]
[BlackElo "2120"]
[PlyCount "89"]
[EventDate "2018.10.28"]
[EventType "swiss"]
[EventRounds "5"]
[EventCountry "CAN"]

1. e4 e5 2. Nf3 Nc6 3. Bb5 a6 4. Bxc6 dxc6 5. O-O Bg4 6. d3 Bd6 7. Nbd2 Ne7 8.
Nc4 f6 9. h3 Bh5 10. c3 c5 11. a4 O-O 12. a5 Qd7 13. Nfxe5 Qe8 14. Ng4 Nc6 15.
Nxd6 cxd6 16. f3 Bf7 17. Ne3 Rd8 18. c4 Qd7 19. f4 Kh8 20. Bd2 Rfe8 21. Bc3 Bg6
22. g4 Qe7 23. Qf3 Qf8 24. Kg2 Re7 25. h4 Rde8 26. h5 Rxe4 27. Rae1 Nd4 28. Qf2
Rxe3 29. Rxe3 Bf7 30. Rfe1 Rxe3 31. Qxe3 Nc2 32. Qe4 Nxe1+ 33. Bxe1 Qe8 34. Kf3
Kg8 35. Bc3 Qxe4+ 36. Kxe4 Kf8 37. Be1 Ke7 38. Bc3 Be6 39. f5 Bd7 40. d4 Bc6+
41. Kf4 h6 42. b4 cxd4 43. Bxd4 d5 44. Bc5+ Kf7 45. cxd5 1/2-1/2

[Event "Guelph Fall Pro-Am"]
[Site "Guelph CAN"]
[Date "2018.10.28"]
[Round "4.4"]
[White "Colvin, Andrew"]
[Black "Brajkovic, Nikola"]
[Result "1/2-1/2"]
[WhiteElo "2099"]
[BlackElo "1979"]
[PlyCount "79"]
[EventDate "2018.10.28"]
[EventType "swiss"]
[EventRounds "5"]
[EventCountry "CAN"]

1. d4 g6 2. c4 Bg7 3. Nc3 d6 4. e4 Nd7 5. Nf3 e5 6. Be2 Ne7 7. O-O O-O 8. Be3
f6 9. Qd2 c6 10. Rfd1 Qc7 11. dxe5 dxe5 12. Qd6 Qxd6 13. Rxd6 Re8 14. Rad1 Nf8
15. c5 Be6 16. Ne1 h6 17. Nc2 f5 18. f3 Nc8 19. R6d2 f4 20. Bf2 Bf6 21. Na3 b6
22. Nc4 Rb8 23. b4 Kg7 24. a3 Bxc4 25. Bxc4 b5 26. Bb3 a6 27. Ne2 Na7 28. Nc1
Rbd8 29. Be1 Rxd2 30. Rxd2 Nc8 31. Rd1 g5 32. Bc3 Ne7 33. Rd6 Rc8 34. Ba2 Neg6
35. Nb3 Be7 36. Rd1 Kf6 37. Na5 Rc7 38. Kf2 Ne6 39. Bxe6 Kxe6 40. Rd2 1/2-1/2

[Event "Guelph Fall Pro-Am"]
[Site "Guelph CAN"]
[Date "2018.10.28"]
[Round "4.5"]
[White "Lin, Benjamin"]
[Black "Papneja, Arul"]
[Result "1/2-1/2"]
[WhiteElo "2121"]
[BlackElo "2011"]
[PlyCount "74"]
[EventDate "2018.10.28"]
[EventType "swiss"]
[EventRounds "5"]
[EventCountry "CAN"]

1. d4 d5 2. c4 e6 3. Nf3 Nf6 4. Qc2 dxc4 5. Qxc4 Nbd7 6. Nc3 a6 7. Bg5 b5 8.
Qc6 Ra7 9. Ne5 Bb7 10. Bxf6 gxf6 11. Qxd7+ Qxd7 12. Nxd7 Kxd7 13. O-O-O b4 14.
Na4 Bc6 15. Nc5+ Bxc5 16. dxc5+ Ke7 17. f3 f5 18. e3 Bd5 19. b3 a5 20. Rd4 Bc6
21. Bc4 Raa8 22. Rhd1 Rhg8 23. R1d2 Rg7 24. g3 Rgg8 25. f4 h5 26. Bf1 h4 27.
Bg2 Bxg2 28. Rxg2 hxg3 29. hxg3 Rad8 30. Kd2 Rxd4+ 31. exd4 Kd7 32. Kd3 Kc6 33.
Kc4 Rg7 34. Rg1 Rg8 35. Rg2 Rg7 36. Rg1 Rg8 37. Rg2 Rg7 1/2-1/2

[Event "Guelph Fall Pro-Am"]
[Site "Guelph CAN"]
[Date "2018.10.28"]
[Round "5"]
[White "Colvin, Andrew"]
[Black "Migot, Tangi"]
[Result "0-1"]
[WhiteElo "2099"]
[BlackElo "2401"]
[PlyCount "122"]
[EventDate "2018.10.28"]
[EventType "swiss"]
[EventRounds "5"]
[EventCountry "CAN"]

1. d4 Nf6 2. Nf3 d6 3. c4 Nbd7 4. Nc3 e5 5. d5 a5 6. g3 g6 7. Bg2 Bg7 8. O-O
O-O 9. e4 Nc5 10. Qc2 Bd7 11. Rd1 Qc8 12. Ne1 Ne8 13. Nd3 f5 14. Nxc5 dxc5 15.
Bg5 Nd6 16. Be7 Rf7 17. Bxd6 cxd6 18. a4 f4 19. Qd3 h5 20. Nb5 Bf8 21. Ra3 Qd8
22. Qf1 fxg3 23. Rxg3 Kh7 24. Rf3 Rf4 25. Rxf4 exf4 26. Bh3 Bxb5 27. cxb5 Bg7
28. b3 Bd4 29. Qg2 Qf6 30. Rd3 Rf8 31. Rf3 Kh6 32. Be6 b6 33. Kh1 Be5 34. h3
Re8 35. Rd3 Re7 36. f3 Rc7 37. Qc2 Bd4 38. Rd2 Be3 39. Rg2 Qe5 40. Kh2 Rg7 41.
Qb2 Bd4 42. Qc2 Qf6 43. Qe2 Bc3 44. Qd3 Qe5 45. Qd1 Rc7 46. Qg1 Rg7 47. Qd1 g5
48. Qd3 Kg6 49. Bf5+ Kf6 50. Rc2 Bd4 51. Rg2 Ke7 52. Qd1 Rg8 53. Rc2 Be3 54.
Rg2 g4 55. Be6 g3+ 56. Kh1 Rg6 57. Bf5 Rf6 58. Bc8 Kd8 59. Bb7 Rg6 60. Bc6 Qg5
61. Qf1 Qh4 0-1

[Event "Guelph Fall Pro-Am"]
[Site "Guelph CAN"]
[Date "2018.10.28"]
[Round "5.2"]
[White "Hua, Eugene"]
[Black "Gooding, Gordon"]
[Result "1-0"]
[WhiteElo "2430"]
[BlackElo "2040"]
[PlyCount "52"]
[EventDate "2018.10.28"]
[EventType "swiss"]
[EventRounds "5"]
[EventCountry "CAN"]

1. e4 e6 2. d4 d5 3. Nd2 Nf6 4. e5 Nfd7 5. Bd3 c5 6. c3 Nc6 7. Ne2 cxd4 8. cxd4
f6 9. exf6 Qxf6 10. Nf3 Bb4+ 11. Bd2 Bd6 12. O-O h6 13. b4 O-O 14. b5 Ne7 15.
Ng3 Rd8 16. Qe2 Nf5 17. Rae1 Nf8 18. Nh5 Qf7 19. g4 Bd7 20. Ng3 Nxg3 21. fxg3
Qe8 22. g5 Qh5 23. gxh6 gxh6 24. Qg2 e5 25. Nxe5 Bh3 26. Qxd5+ Be6 1-0

[Event "Guelph Fall Pro-Am"]
[Site "Guelph CAN"]
[Date "2018.10.28"]
[Round "5.3"]
[White "Brajkovic, Nikola"]
[Black "Loadman, Ian"]
[Result "1/2-1/2"]
[WhiteElo "1979"]
[BlackElo "2076"]
[PlyCount "44"]
[EventDate "2018.10.28"]
[EventType "swiss"]
[EventRounds "5"]
[EventCountry "CAN"]

1. e4 e5 2. Nf3 Nc6 3. d4 exd4 4. Nxd4 Nf6 5. Nxc6 bxc6 6. Bd3 Bc5 7. Bf4 d6 8.
O-O Ng4 9. Be2 h5 10. Qd2 Qf6 11. Bxg4 hxg4 12. e5 Qg6 13. exd6 Bxd6 14. Re1+
Kf8 15. Nc3 Bf5 16. Bxd6+ cxd6 17. Re2 d5 18. Rc1 Qd6 19. g3 Qg6 20. Qf4 Qh5
21. f3 gxf3 22. Rf2 Rh6 1/2-1/2

[Event "Guelph Fall Pro-Am"]
[Site "Guelph CAN"]
[Date "2018.10.28"]
[Round "5.4"]
[White "Lin, Benjamin"]
[Black "Ferreira, Alex"]
[Result "1/2-1/2"]
[WhiteElo "2121"]
[BlackElo "2083"]
[PlyCount "124"]
[EventDate "2018.10.28"]
[EventType "swiss"]
[EventRounds "5"]
[EventCountry "CAN"]

1. d4 d5 2. c4 dxc4 3. e4 e5 4. dxe5 Qxd1+ 5. Kxd1 Nc6 6. Bxc4 Nxe5 7. Be2 Be6
8. Nc3 O-O-O+ 9. Kc2 Bc4 10. Bxc4 Nxc4 11. b3 Na5 12. f4 Nc6 13. Nf3 Bc5 14.
Na4 Be7 15. a3 Nf6 16. Re1 Nd7 17. Bb2 a6 18. Rad1 Rhe8 19. g3 f6 20. Nc3 Bf8
21. Nd4 Nxd4+ 22. Rxd4 Nc5 23. Red1 Rxd4 24. Rxd4 c6 25. b4 Ne6 26. Rd2 c5 27.
Nd5 b5 28. e5 f5 29. Nb6+ Kb7 30. Nd7 cxb4 31. Nxf8 Rxf8 32. axb4 Rd8 33. Rxd8
Nxd8 34. Kd3 Kc6 35. Bd4 Kd5 36. Bc5 Nc6 37. Bf8 g6 38. h3 h5 39. Ke3 Nd4 40.
Bc5 Ne6 41. Bd6 Kc4 42. Kf3 Kd3 43. g4 hxg4+ 44. hxg4 Nd4+ 45. Kg3 Ke4 46. gxf5
gxf5 47. Kh4 Ne6 48. Kh5 Nxf4+ 49. Kg5 Ne6+ 50. Kf6 Kd5 51. Kxf5 Nd4+ 52. Kf6
Nc6 53. Kf5 a5 54. bxa5 Nxa5 55. Ba3 Nc6 56. Bb2 b4 57. Kf6 Nd8 58. Ke7 Ne6 59.
Kf6 b3 60. Kf5 Nc5 61. Kf6 Nd7+ 62. Kf5 Nxe5 1/2-1/2

[Event "Guelph Fall Pro-Am"]
[Site "Guelph CAN"]
[Date "2018.10.28"]
[Round "5.5"]
[White "Papneja, Arul"]
[Black "Aniunoh, Chike"]
[Result "0-1"]
[WhiteElo "2011"]
[BlackElo "2086"]
[PlyCount "54"]
[EventDate "2018.10.28"]
[EventType "swiss"]
[EventRounds "5"]
[EventCountry "CAN"]

1. d4 Nf6 2. Bf4 c5 3. dxc5 Qa5+ 4. c3 Qxc5 5. Nf3 d6 6. h3 g6 7. e3 Bg7 8. Qd2
Nc6 9. Bd3 e5 10. Bg5 h6 11. Bxf6 Bxf6 12. e4 Be6 13. O-O g5 14. Na3 O-O-O 15.
b4 Qb6 16. c4 g4 17. hxg4 Bxg4 18. Be2 Qxb4 19. Qc1 Bxf3 20. Bxf3 Bg5 21. Bg4+
Kb8 22. f4 Bxf4 23. Rxf4 exf4 24. Rb1 Qc5+ 25. Kh1 Rhg8 26. Bh3 Rg3 27. Rb5
Qxa3 0-1

[Event "Guelph Winter Pro-Am U2000"]
[Site "Guelph CAN"]
[Date "2018.01.07"]
[Round "4"]
[White "Liu, Harry"]
[Black "Shah, Omar"]
[Result "0-1"]
[WhiteElo "1644"]
[BlackElo "1795"]
[PlyCount "60"]
[EventDate "2018.01.05"]
[EventType "swiss"]
[EventRounds "5"]
[EventCountry "CAN"]

1. d4 Nf6 2. Nf3 b6 3. Bf4 Bb7 4. Nbd2 e6 5. e3 c5 6. c3 Be7 7. Bd3 d6 8. Qe2
a6 9. e4 cxd4 10. cxd4 Nc6 11. O-O Nxd4 12. Nxd4 e5 13. Nf5 exf4 14. Nxg7+ Kf8
15. Nf5 Rg8 16. f3 d5 17. Rfe1 Bc5+ 18. Kh1 Nh5 19. exd5 Ng3+ 20. Nxg3 fxg3 21.
Ne4 Qh4 22. h3 Re8 23. Qc2 Bc8 24. Nd6 Rxe1+ 25. Rxe1 Bxh3 26. Re8+ Kg7 27.
Qc3+ Bd4 28. Qxd4+ Qxd4 29. gxh3 Qf2 30. Nf5+ Kf6 0-1

[Event "Guelph Winter Pro-Am U2000"]
[Site "Guelph CAN"]
[Date "2018.01.07"]
[Round "5"]
[White "Shah, Omar"]
[Black "Humphreys, Stephen"]
[Result "1-0"]
[WhiteElo "1795"]
[BlackElo "1816"]
[PlyCount "41"]
[EventDate "2018.01.05"]
[EventType "swiss"]
[EventRounds "5"]
[EventCountry "CAN"]

1. c4 e5 2. Nc3 d6 3. e3 f5 4. d4 e4 5. f3 Nf6 6. Qc2 exf3 7. gxf3 g6 8. Bd3
Bg7 9. Bd2 Nc6 10. a3 a5 11. Nge2 Nh5 12. Ng3 Qh4 13. O-O-O O-O 14. Nxh5 Qxh5
15. f4 Qh4 16. Rdg1 Qd8 17. h4 Ne7 18. h5 c6 19. Be1 Be6 20. Bh4 Kf7 21. Qg2
1-0

[Event "Hart House Holidays op U1900"]
[Site "Toronto CAN"]
[Date "2018.12.15"]
[Round "2"]
[White "Armstrong, Robert J"]
[Black "Rusonik, Greg"]
[Result "0-1"]
[WhiteElo "1548"]
[BlackElo "1796"]
[PlyCount "62"]
[EventDate "2018.12.14"]
[EventType "swiss"]
[EventRounds "5"]
[EventCountry "CAN"]

1. d4 f5 2. c4 g6 3. Nc3 Nf6 4. Bg5 Bg7 5. Bxf6 Bxf6 6. e4 d6 7. Bd3 fxe4 8.
Bxe4 O-O 9. Nf3 c6 10. Qd3 Qe8 11. h4 Qf7 12. O-O-O Bg4 13. Kb1 Na6 14. a3 Nc7
15. Ng5 Bxg5 16. f3 Bxf3 17. gxf3 Bf6 18. Rdg1 d5 19. cxd5 cxd5 20. Rxg6+ hxg6
21. Bxg6 Qg7 22. Rg1 Kh8 23. Qf5 Qh6 24. Qd7 Rac8 25. Bf7 Bxd4 26. Rg6 Qh7 27.
Qg4 Bg7 28. Bxd5 Nxd5 29. Nxd5 Rc4 30. Qg3 e6 31. Ne7 Re8 0-1

[Event "Hart House Holidays op U1900"]
[Site "Toronto CAN"]
[Date "2018.12.15"]
[Round "3"]
[White "Li, Adam"]
[Black "Armstrong, Robert J"]
[Result "1-0"]
[WhiteElo "1636"]
[BlackElo "1548"]
[PlyCount "69"]
[EventDate "2018.12.14"]
[EventType "swiss"]
[EventRounds "5"]
[EventCountry "CAN"]

1. e4 g6 2. d4 Bg7 3. Nf3 c5 4. c3 Qb6 5. Be2 cxd4 6. cxd4 Nc6 7. d5 Nd4 8. Nc3
Nxe2 9. Qxe2 Nf6 10. O-O O-O 11. Be3 Qa5 12. Rfd1 d6 13. Rac1 Bg4 14. h3 Bxf3
15. Qxf3 Rac8 16. Qe2 a6 17. a3 b5 18. f3 Nd7 19. Na2 Ne5 20. Nb4 Rxc1 21. Bxc1
Rc8 22. f4 Nc4 23. Nc6 Qb6+ 24. Kh1 Rc7 25. b3 Na5 26. Be3 Qb7 27. Nxa5 Qc8 28.
Bb6 Rc2 29. Qe1 Bc3 30. Qg1 Bb2 31. Nc6 Kf8 32. a4 bxa4 33. bxa4 a5 34. Bxa5
Qa6 35. Nb4 1-0

[Event "Hart House Holidays op U1900"]
[Site "Toronto CAN"]
[Date "2018.12.16"]
[Round "4"]
[White "Armstrong, Robert J"]
[Black "Yang, Brett"]
[Result "1-0"]
[WhiteElo "1548"]
[BlackElo "1635"]
[PlyCount "67"]
[EventDate "2018.12.14"]
[EventType "swiss"]
[EventRounds "5"]
[EventCountry "CAN"]

1. d4 Nf6 2. c4 d5 3. e3 e6 4. Nf3 g6 5. Bd3 Bg7 6. O-O O-O 7. Nc3 a6 8. e4
dxc4 9. Bxc4 b5 10. Bd3 Nc6 11. e5 Nd5 12. a3 Bb7 13. Ne4 Nb6 14. Nc5 Bc8 15.
Be4 Nd5 16. Bd2 f6 17. Rc1 fxe5 18. Nxe6 Bxe6 19. Rxc6 Qd7 20. Qc2 exd4 21. Ng5
Bf5 22. Rc5 Bxe4 23. Qxe4 Rf5 24. Qh4 Bf6 25. Qg4 Qe7 26. Ne4 Re8 27. Ng3 Rxf2
28. Rxd5 Rxd2 29. Rdf5 Bg7 30. Rf7 Qe5 31. Qd7 Rxb2 32. Rxg7+ Kh8 33. Rxh7+ Kg8
34. Qf7# 1-0

[Event "Hart House Holidays op U1900"]
[Site "Toronto CAN"]
[Date "2018.12.16"]
[Round "5"]
[White "Chen, Daniel"]
[Black "Armstrong, Robert J"]
[Result "1-0"]
[WhiteElo "1700"]
[BlackElo "1548"]
[PlyCount "35"]
[EventDate "2018.12.14"]
[EventType "swiss"]
[EventRounds "5"]
[EventCountry "CAN"]

1. e4 g6 2. Nf3 Bg7 3. Bc4 c5 4. O-O d6 5. d4 Qb6 6. Ng5 e6 7. Qf3 Qc7 8. dxc5
dxc5 9. Bf4 Qe7 10. Nc3 h6 11. Qg3 hxg5 12. Bxb8 g4 13. Bd6 Qg5 14. Nb5 e5 15.
Nc7+ Kd7 16. Rad1 Kc6 17. Bb5+ Kb6 18. Qc3 1-0

[Event "Intermat"]
[Site "Vancouver CAN"]
[Date "2018.05.05"]
[Round "1.1"]
[White "Wu, Nicholas"]
[Black "Kang, Ayaan"]
[Result "1-0"]
[WhiteElo "868"]
[BlackElo "1250"]
[PlyCount "95"]
[EventDate "2018.05.05"]
[EventType "team"]
[EventRounds "2"]
[EventCountry "CAN"]

1. d4 d5 2. Bf4 Nc6 3. e3 Bf5 4. Nf3 Nf6 5. c4 dxc4 6. Bxc4 e6 7. Nc3 Bb4 8.
O-O O-O 9. a3 Ba5 10. b4 Bb6 11. Qb3 Re8 12. Rfc1 Qd7 13. a4 a6 14. b5 Na5 15.
Qb4 c6 16. bxc6 Qxc6 17. Ne5 Qc7 18. Ng6 Qc6 19. Ne7+ Rxe7 20. Qxe7 Nxc4 21.
Nd1 Ba5 22. Nb2 Re8 23. Rxc4 Rxe7 24. Rxc6 bxc6 25. Nc4 Bc7 26. Bg5 h6 27. Bh4
g5 28. Bg3 Bxg3 29. hxg3 Rb7 30. Nd6 Rb6 31. f3 Nd5 32. e4 Ne7 33. exf5 Nxf5
34. Nxf5 exf5 35. Rc1 Kg7 36. Rd1 h5 37. d5 Kg6 38. d6 Rb8 39. d7 Rd8 40. Rd6+
Kg7 41. Kf2 c5 42. Ke2 f6 43. Kd3 Kg6 44. Kc4 g4 45. f4 Kg7 46. Kxc5 Kf7 47.
Kc6 Ke7 48. Kc7 1-0